00223 a2200109 4500001000700000020000600007040001100013100001700024240003400041245002900075362000900104166821 a  cMagnum aCordie, Anny10aOs atrasados nao existemlpor10aOs atrasados nao existem0 a1899